000
00287nam a2200109Ia 4500
008
200302s9999 xx 000 0 und d
100
_a
Janelle Mcculloch
245
_a
View From The Top : Grand Apartment Living
260
_b
Images Publishing, Austraila
260
_c
2008
300
_a
202 P
999
_c
4968
_d
4968